| 000 | 00641nam a2200241 a 4500 | ||
|---|---|---|---|
| 005 | 20210219153215.0 | ||
| 008 | 991125n 000 0 u | ||
| 035 | _aUPN01000084200 | ||
| 100 | _aFoley, Griff | ||
| 222 | _aCONVERGENCE | ||
| 245 | _aKnowledge and power in aboriginal adult education | ||
| 300 | _a61-74 | ||
| 362 | _a25, No. 1, 1992 | ||
| 505 | _aSeptiembre 1992 | ||
| 653 | 0 | _aCONTROL COMUNITARIO | |
| 653 | 0 | _aDESARROLLO COMUNAL | |
| 653 | 0 | _aDETERMINACION DEL YO | |
| 653 | 0 | _aEDUCACION DE ADULTOS | |
| 653 | 0 | _aESTRUCTURA DEL PODER | |
| 700 | _aFlowers, Rick | ||
| 904 |
_aAC _b022011 |
||
| 905 | _aArticulo | ||
| 999 |
_c71076 _d71076 |
||